Načítá se...
Achinleck,a biography of field marshal sin claude Auchinleck /
| Hlavní autor: | |
|---|---|
| Jazyk: | Undetermined |
| Vydáno: |
1959
|
| LEADER | 00406nam a2200121Ia 4500 | ||
|---|---|---|---|
| 001 | 94517 | ||
| 008 | 170722s9999 xx 000 0 und d | ||
| 100 | |a Connell, John | ||
| 245 | |a Achinleck,a biography of field marshal sin claude Auchinleck / | ||
| 260 | |c 1959 | ||
| 942 | |c GEN | ||
| 999 | |c 23152 |d 23152 | ||
| 952 | |0 0 |1 0 |4 0 |6 V_3594WM84_J9_GB |7 0 |9 27180 |a LIB |b LIB |d 2017-08-12 |o V3:594wM84 J9 (GB) |p 74213 |r 2017-08-12 |w 2017-08-12 |y GEN | ||